Guess The American Brands! #27 - Statistics

General Stats
  • This quiz has been taken 13 times
  • The average score is 10 of 24
Answer Stats
Picture Answer % Correct
Beats
83%
Cardinals
83%
Scotch
75%
Crush
67%
Alienware
58%
Auntie Annes
58%
Everlast
58%
Fry's
50%
Peterbilt
50%
Wall Street Journal
50%
Justin Bieber
42%
THX
42%
Wild Turkey
42%
Skullcandy
33%
Indiana Colts
25%
Lady Gaga
25%
Wired
25%
Digg
17%
Google Earth
17%
Madonna
17%
Merrell
17%
Ritz Carlton
17%
Stumbleupon
17%
Thunderbird
17%
No matching quizzes found
Score Distribution
Percent of People with Each Score
Percentile by Number Answered
Your Score History
You have not taken this quiz